000 00519nam a22001817a 4500
999 _c12867
_d12867
008 210614b ||||| |||| 00| 0 eng d
020 _a0-8053-1753-8
041 0 _aeng
082 0 0 _a005.74
_bE482
100 _95052
_aElmari, Ramez
245 1 0 _aFundamentals of database systems /
_cby Ramez Elmari and Shamkant B. Navathe
250 _a2nd ed.
260 _aNew-York :
_bThe Benjamin,
_cc1994.
300 _axxii, 873 p.
650 0 _aDatabase Management
700 _95053
_aNavathe, Shamkant B.
942 _cBK